Barbie & the Diamond Castle- We're Gonna Find It Lyrics Quiz - Statistics

General Stats
  • This quiz has been taken 199 times
  • The average score is 161 of 237
Answer Stats
Answer % Correct
we
98%
We
98%
A
95%
a
95%
I
95%
go
93%
it
92%
find
90%
where
85%
gonna
84%
and
83%
And
83%
castle
83%
diamond
83%
so
82%
to
82%
We're
82%
we're
82%
the
81%
The
81%
in
80%
are
77%
Hear
75%
together
75%
can
74%
my
72%
on
72%
mind
71%
there
71%
soon
69%
it's
68%
little
68%
But
67%
Can't
67%
from
67%
home
67%
someday
67%
Someday
67%
stay
67%
back
66%
far
66%
Here
66%
alright
65%
stick
65%
strong
64%
alone
63%
bit
63%
gotta
62%
stayin'
61%
be
60%
There's
59%
yeah
59%
free
58%
We'll
58%
might
55%
see
55%
this
55%
friends
52%
our
52%
'Cause
48%
start
47%
room
46%
story
45%
ends
44%
how
42%
going
40%
for
38%
melody
38%
new
38%
us
38%
anew
36%
place
35%
just
34%
know
33%
perfect
32%
yet
32%
Don't
31%
set
30%
like
28%
long
28%
looking
28%
Somehow
28%
through
28%
light
27%
up
27%
changed
26%
luck
26%
way
26%
we've
26%
Feeling
25%
life
25%
Passing
25%
things
25%
that's
20%
true
19%
highest
18%
tired
18%
mountain
17%
Climb
16%
No matching quizzes found
Score Distribution
Percent of People with Each Score
Percentile by Number Answered
Your Score History
You have not taken this quiz